Teoría del cine: la redención de la realidad física

Saved in:
Bibliografiske detaljer
Hovedforfatter: Kracauer, Siegfried (Author)
Format: Bog
Sprog:spansk
Udgivet: Barcelona Paidós 1989
Serier:Paidós Comunicación Cine, 81
Fag:
Tags: Tilføj Tag
Ingen Tags, Vær først til at tagge denne postø!

MARC

LEADER 00000nam a2200000 a 4500
001 UCL3293
003 CL-VaPUC
008 031121e19890000SP |||||||||||||||||spa|d
020 |a 8475095216 
082 0 4 |a 791.437  |b KRA  |2 21 
100 |a Kracauer, Siegfried  |e author  |9 573051 
245 1 0 |a Teoría del cine: la redención de la realidad física 
300 |a 406 p 
942 |c BK 
945 |d 20031121 00:00:00  |a cmena 
260 |a Barcelona  |b Paidós  |c 1989 
650 0 |a Medios de comunicación de masas  |9 257273 
650 0 |a Cinematografía  |9 265198 
650 0 |a Industria cinematográfica  |9 266081 
650 0 |a Cine  |9 225706 
583 |a last modification  |c 20180403 10:08:07  |k Rodrigo Vera 
490 0 |a Paidós Comunicación Cine, 81 
999 |c 306405  |d 306403 
952 |0 0  |1 0  |4 0  |6 791_437000000000000_KRA_1989  |7 0  |8 A  |9 371382  |a BIBART  |b BIBART  |d 2019-11-21  |i 3966925  |o 791.437 KRA 1989  |p 3966925  |r 2025-03-13  |w 2019-11-21  |y BK  |k ART 
952 |0 0  |1 0  |4 0  |6 791_437000000000000_KRA_1989  |7 0  |8 A  |9 371383  |a BIBHIS  |b BIBHIS  |d 2019-11-21  |i 3966992  |l 1  |o 791.437 KRA 1989  |p 3966992  |r 2025-01-20  |s 2023-11-22  |w 2019-11-21  |y BK  |k HIS